Gastos militares y economía regional: El Ejercito del Norte (1810-1817) (Registro nro. 16128)

Detalles MARC
000 -LEADER
fixed length control field 00369 a2200109 4500
001 - CONTROL NUMBER
control field ART_3001
005 - DATE AND TIME OF LATEST TRANSACTION
control field 20260410161711.0
008 - FIXED-LENGTH DATA ELEMENTS--GENERAL INFORMATION
fixed length control field 260409a
100 1# - MAIN ENTRY--PERSONAL NAME
Personal name Halperin Donghi, Tulio
245 10 - TITLE STATEMENT
Title Gastos militares y economía regional: El Ejercito del Norte (1810-1817)
773 0# - HOST ITEM ENTRY
Title Desarrollo económico
Related parts - Vol. 11, Nº 41 (abr./jun. 1971)
Record control number REV1174

No hay ítems disponibles.